10 Least Patriotic US States (2017) - Statistics

General Stats
  • This quiz has been taken 127 times
  • The average score is 7 of 10
Answer Stats
Score State % Correct
37.70 California
94%
30.59 New York
91%
29.90 Rhode Island
77%
27.46 New Jersey
75%
38.96 Michigan
74%
28.88 Massachusetts
71%
36.25 Connecticut
68%
39.98 Pennsylvania
66%
28.41 Illinois
64%
40.40 Delaware
62%
No matching quizzes found
Score Distribution
Percent of People with Each Score
Percentile by Number Answered
Your Score History
You have not taken this quiz